Countries in the Middle #2 - Statistics

General Stats
  • This quiz has been taken 9 times
  • The average score is 6 of 10
Answer Stats
Category Countries % Correct
Murder Rate Malaysia | Syria | Bangladesh | Estonia | Nepal | Myanmar | Sri Lanka | Albania | Ghana | Morocco | Azerbaijan | Mauritius | Canada | Cambodia | Kuwait
88%
Est. Internet Users Burkina Faso | Democratic Republic of the Congo | Croatia | Costa Rica | Zimbabwe | Paraguay | Senegal | Rwanda | Bosnia and Herzegovina | Honduras | Angola | Moldova | Georgia | Oman | Uruguay
75%
Suicide Rate Norway | Yemen | Mauritania | Netherlands | Nicaragua | Liberia | Slovakia | Paraguay | South Sudan | Romania | Denmark | Timor-Leste | Guinea-Bissau | Germany | Solomon Islands
75%
Obesity Rate Slovakia | Sweden | Mongolia | Portugal | Kazakhstan | Guatemala | Estonia | Papua New Guinea | Netherlands | Paraguay | Armenia | Bolivia | Guyana | Slovenia | Austria
75%
GDP (total PPP) Yemen | Uruguay | Nepal | Bolivia | Costa Rica | Lebanon | Paraguay | Jordan | Slovenia | Bahrain | Afghanistan | Zambia | Democratic Republic of the Congo | Cambodia | Luxembourg
63%
GDP Growth Rate Cameroon | Singapore | Bulgaria | Zimbabwe | Sierra Leone | Mozambique | Kosovo | Iran | Mauritania | Solomon Islands | Democratic Republic of the Congo | Slovakia | Zambia | Costa Rica | Israel
50%
Pop. Growth Rate Kiribati | Iran | India | Cyprus | Paraguay | Antigua and Barbuda | Panama | Ecuador | Costa Rica | Turkmenistan | Ireland | Mexico | Bhutan | Iceland | Mongolia
50%
Death Rate Liechtenstein | Taiwan | Guinea-Bissau | Cote D’Ivore | Canada | Dominica | Saint Lucia | Norway | Andorra | Saint Vincent and the Grenadines | Senegal | Guyana | Jamaica | Mauritania | Venezuela
50%
Birth Rate Panama | Nicaragua | Fiji | Mexico | Israel | Venezuela | Morocco | Kuwait | Myanmar | Ecuador | Peru | Mongolia | Paraguay | Brunei | Kazakhstan
50%
HDI Tonga | Jamaica | Tunisia | Jordan | Dominican Republic | Mongolia | Fiji | Saint Vincent and the Grenadines | Suriname | Botswana | Maldives | Dominica | Samoa | Uzbekistan
50%
No matching quizzes found
Score Distribution
Percent of People with Each Score
Percentile by Number Answered
Your Score History
You have not taken this quiz